000 00810nam a2200241Ia 4500
003 OSt
005 20220923230645.0
006 a|||||r|||| 00| 0
007 ta
008 220922b |||||||| |||| 00| 0 hin d
024 _a301,941
037 _cTextual
040 _aARTS
_cARTS
_bhin
041 _2hin
_ahin
082 _aO157xM61x, 152M7
100 _aबन्द्यौपाध्याय, असित कुमार
_9169095
245 0 _aरवीन्द्र रचना संचयन
246 _aRavīndra rachanā sanchayana
260 _c1987
650 _aबंगाली साहित्य
_9156264
942 _hO157xM61x, 152M7
_cTEXL
_2CC
999 _c386325
_d386325